10 państw najbliżej Brazylii z wyjątkami - Statystyki

Ogólne statystyki
  • Ten quiz został rozwiązany 19 razy
  • Średni wynik to 8 z 10
Statystyki odpowiedzi
km Państwo % Poprawnych
3382 Mauretania
93%
3738 Burkina Faso
87%
3016 Liberia
87%
3485 Mali
87%
2867 Senegal
87%
3043 Gambia
80%
2906 Gwinea
80%
2788 Gwinea Bissau
80%
2867 Sierra Leone
80%
3278 Wybrzeże Kości Słoniowej
80%
Nie znaleziono quizów pasujących do podanych kryteriów
Rozkład punktacji
Procent ludzi z każdym wynikiem
Percentyl według liczby udzielonych odpowiedzi
Twoja historia wyników
Nie rozwiązałeś tego quizu